000 01197nam a22002777a 4500
999 _c64909
_d64909
005 20240530110757.0
008 190113s2017 ua a g b 000 0dara d
017 _a2017/3294
_bمصر. دار الكتب
020 _a978977911421
040 _aEG-CaGPL
_cEG-CaGPL
082 0 4 _221
_a330.122 /
_bهـ ك
100 1 _aهيداريان، ريتشارد
245 1 0 _aكيف خذلت الراسمالية العالم العربى :
_b الجذور الاقتصادية والمستقبل المحفوف بالمخاطر لثورات الشرق الاوسط /
_cريتشارد هيداريان ؛ ترجمة وجيه القاضى
250 _aط.1
260 _aالقاهرة :
_bالهيئة المصرية العامة للكتاب،
_c2017.
300 _a276 ص. ؛
_c24 سم.
504 _aيشتمل على ارجاعات ببليوجرافية
650 0 7 _2qrmak
_aالراسمالية
650 0 7 _2qrmak
_aالمذاهب الاقتصادية
650 0 7 _2qrmak
_aراس المال
650 0 7 _2qrmak
_aالنظم الاقتصادية
651 _2qrmak
700 0 _aوجيه القاضى
_eمترجم
942 _2ddc
_cBK